[Event "Krakow op-A 34th"]
[Site "Krakow"]
[Date "2023.12.27"]
[Round "1"]
[White "Pacuszka, Tomasz"]
[Black "Kowalczyk, Pawel"]
[Result "0-1"]
[WhiteElo "2124"]
[BlackElo "2295"]
[PlyCount "86"]
[EventDate "2023.12.27"]
[EventType "swiss"]
[EventRounds "9"]
[EventCountry "POL"]
[SourceTitle "CB02_2024"]
[SourceDate "2024.01.10"]
[SourceVersion "1"]
[SourceVersionDate "2024.01.10"]
[SourceQuality "1"]

1. e4 e6 2. d4 d5 3. e5 c5 4. c3 Qb6 5. Nf3 Bd7 6. Be2 Bb5 7. Bxb5+ Qxb5 8. a4 Qa6 9. dxc5 Bxc5 10. b4 Be7 11. Be3 Nd7 12. Na3 Nh6 13. Nb5 Qc6 14. Qd3 Ng4 15. Nxa7 Ngxe5 16. Nxe5 Nxe5 17. Qb5 Qxb5 18. Nxb5 Kd7 19. 0-0 Nc4 20. Bf4 Rhc8 21. Ra2 Bf6 22. Rfa1 g5 23. Bc1 Nd6 24. Bd2 Nxb5 25. axb5 Rxa2 26. Rxa2 Bxc3 27. Bxg5 Bxb4 28. h4 d4 29. Ra4 Bc3 30. Kf1 e5 31. f3 Kd6 32. Ke2 Kc5 33. Kd3 Kxb5 34. Ra2 f5 35. Re2 Re8 36. g4 fxg4 37. fxg4 Kc5 38. Bf6 Kd5 39. Re4 b5 40. g5 b4 41. h5 b3 42. Rh4 e4+ 43. Ke2 b2 0-1

[Event "Titled Tuesday intern op 04th Apr Early"]
[Site "Chess.com INT"]
[Date "2023.04.04"]
[Round "4"]
[White "Kowalczyk, Pawel"]
[Black "Eynullayev, Atilla Elshan"]
[Result "0-1"]
[WhiteElo "2332"]
[BlackElo "2281"]
[PlyCount "136"]
[EventDate "2023.04.04"]
[EventType "swiss (blitz)"]
[EventRounds "11"]
[EventCountry "USA"]
[SourceTitle "EXT 2024"]
[Source "ChessBase"]
[SourceDate "2023.10.10"]
[SourceVersion "1"]
[SourceVersionDate "2023.10.10"]
[SourceQuality "1"]

1. b4 Nf6 2. Bb2 g6 3. Nf3 Bg7 4. g3 0-0 5. Bg2 d5 6. 0-0 a5 7. b5 c5 8. e3 a4 9. c4 dxc4 10. Na3 Be6 11. Qc2 Qd3 12. Ne5 Qxc2 13. Nxc2 Ng4 14. f4 Nxe5 15. fxe5 Ra7 16. b6 Ra6 17. Ba3 Nd7 18. Rab1 Rb8 19. Rb5 Bxe5 20. Rfb1 Bd6 21. Bf1 Bd5 22. Kf2 Bc6 23. R5b2 Bd5 24. Rb5 Rba8 25. Ne1 Ra5 26. R5b2 Be5 27. Rb5 Rxb5 28. Rxb5 Bc6 29. Rb1 Bd5 30. Nf3 Bd6 31. Ng5 Ra6 32. e4 Bc6 33. Bxc4 Rxb6 34. Rxb6 Nxb6 35. Bxf7+ Kg7 36. Bb2+ Kf8 37. Be6 Ke8 38. Nxh7 c4 39. Ng5 a3 40. Bd4 Na4 41. Bxc4 b5 42. Bf7+ Kd7 43. Bxg6 b4 44. Bf7 Bc5 45. Be6+ Kd6 46. e5+ Kc7 47. Ke3 Bxd4+ 48. Kxd4 Kb6 49. h4 Nc5 50. Bf5 b3 51. Bb1 b2 52. h5 Ba4 53. h6 Nb3+ 54. axb3 Bxb3 55. h7 a2 56. h8Q axb1Q 57. Qb8+ Ka6 58. Qxb3 Qg1+ 59. Ke4 b1Q+ 60. Qxb1 Qxb1+ 61. d3 Qe1+ 62. Kf5 Kb5 63. Ne4 Qe3 64. g4 Qxd3 65. g5 Kc6 66. g6 Kd5 67. g7 Qxe4+ 68. Kg5 Qg2+ 0-1

[Event "Titled Tuesday intern op 04th Apr Early"]
[Site "Chess.com INT"]
[Date "2023.04.04"]
[Round "5"]
[White "Kowalczyk, Pawel"]
[Black "Nguyen, Hong Nhung"]
[Result "1-0"]
[WhiteElo "2332"]
[BlackElo "2003"]
[PlyCount "147"]
[EventDate "2023.04.04"]
[EventType "swiss (blitz)"]
[EventRounds "11"]
[EventCountry "USA"]
[SourceTitle "EXT 2024"]
[Source "ChessBase"]
[SourceDate "2023.10.10"]
[SourceVersion "1"]
[SourceVersionDate "2023.10.10"]
[SourceQuality "1"]

1. e4 c5 2. Ne2 e6 3. g3 Nc6 4. Bg2 g6 5. d4 cxd4 6. Nxd4 Bg7 7. Nb5 Qa5+ 8. N1c3 Be5 9. Nd6+ Bxd6 10. Qxd6 Qb4 11. Qd2 h5 12. 0-0 Nge7 13. a3 Qb6 14. b4 0-0 15. Bb2 f6 16. Rad1 a5 17. b5 Ne5 18. Qd4 Qxd4 19. Rxd4 Rd8 20. f4 Nf7 21. a4 Ra7 22. Ba3 Kf8 23. Bh3 Ke8 24. Rfd1 b6 25. Nb1 Rc7 26. c4 d5 27. exd5 e5 28. Bxc8 exd4 29. Be6 Rxc4 30. Nd2 Rxa4 31. Bb2 Nxd5 32. Ne4 Ke7 33. Bh3 Ne3 34. Rd3 f5 35. Nd2 Rd5 36. Nb3 Rxb5 37. Bxd4 Nc2 38. Bg7 Ra3 39. Nc1 Rxd3 40. Nxd3 Rb1+ 41. Kf2 b5 42. Bg2 Nd6 43. Bd5 Ne4+ 44. Kg2 Nd6 45. Bg8 Rd1 46. Ne5 Rd2+ 47. Kf3 Ne8 48. Nxg6+ Kd7 49. Bh8 b4 50. Ne5+ Kc7 51. Nc4 Rxh2 52. Nxa5 Nd4+ 53. Bxd4 Nf6 54. Bxf6 Rd2 55. Be5+ Kc8 56. Be6+ Kd8 57. Nc6+ Ke8 58. Nxb4 Rb2 59. Bxb2 h4 60. gxh4 Ke7 61. Bxf5 Kd6 62. Bd4 Ke7 63. Be5 Kf7 64. Nd5 Kg8 65. Bg6 Kf8 66. Bf6 Kg8 67. h5 Kf8 68. h6 Kg8 69. Bg5 Kf8 70. f5 Kg8 71. f6 Kh8 72. Bf4 Kg8 73. Be5 Kh8 74. f7# 1-0

[Event "Titled Tuesday intern op 04th Apr Early"]
[Site "Chess.com INT"]
[Date "2023.04.04"]
[Round "9"]
[White "Kowalczyk, Pawel"]
[Black "Rakhmatullaev, Almas"]
[Result "0-1"]
[WhiteElo "2332"]
[BlackElo "2275"]
[PlyCount "132"]
[EventDate "2023.04.04"]
[EventType "swiss (blitz)"]
[EventRounds "11"]
[EventCountry "USA"]
[SourceTitle "EXT 2024"]
[Source "ChessBase"]
[SourceDate "2023.10.10"]
[SourceVersion "1"]
[SourceVersionDate "2023.10.10"]
[SourceQuality "1"]

1. e4 e5 2. Ne2 Nf6 3. Nbc3 Nc6 4. g3 Bb4 5. Bg2 0-0 6. 0-0 d6 7. a3 Bc5 8. h3 a6 9. Kh2 Nd4 10. d3 Ne8 11. Nxd4 Bxd4 12. Ne2 Bb6 13. f4 exf4 14. Nxf4 c6 15. Bd2 f5 16. Qe2 fxe4 17. Qxe4 Nf6 18. Qf3 g5 19. Nh5 Ng4+ 20. hxg4 Rxf3 21. Bxf3 Bd4 22. c3 Bh8 23. Rae1 Bd7 24. Bd1 Qb6 25. b4 Re8 26. Rxe8+ Bxe8 27. Bxg5 Bxh5 28. gxh5 Bxc3 29. Bg4 h6 30. Bxh6 Qd4 31. Be6+ Kh7 32. Bg5 Qe5 33. Bf5+ Kh8 34. Rf2 Bd4 35. Rf4 Qe2+ 36. Kh3 Be5 37. Bg4 Qe1 38. Bf3 Bxf4 39. Bxf4 d5 40. Kg4 Qe6+ 41. Kg5 Kg7 42. Kh4 Qf5 43. d4 Qf6+ 44. Kh3 Qxd4 45. h6+ Kh7 46. Bg4 Qe4 47. Kh4 d4 48. Kg5 Qg6+ 49. Kh4 d3 50. Bf3 Qf6+ 51. Kh5 Qf5+ 52. Kh4 d2 53. Bd1 Qd3 54. g4 Qd4 55. Kg5 Qd5+ 56. Kh4 Qe4 57. Kg5 Qd3 58. Kf6 Qc3+ 59. Kg5 Qc1 60. Bf3 d1Q 61. Be4+ Kg8 62. h7+ Kf7 63. h8Q Qxf4+ 64. Kxf4 Qd2+ 65. Ke5 Qc3+ 66. Kf5 Qxh8 0-1

[Event "Titled Tuesday intern op 7th Mar Early"]
[Site "Chess.com INT"]
[Date "2023.03.07"]
[Round "6"]
[White "Kowalczyk, Pawel"]
[Black "Doshi, Moksh Amitbhai"]
[Result "1-0"]
[WhiteElo "2332"]
[BlackElo "2388"]
[PlyCount "107"]
[EventDate "2023.03.07"]
[EventType "swiss (blitz)"]
[EventRounds "11"]
[EventCountry "USA"]
[SourceTitle "EXT 2024"]
[Source "ChessBase"]
[SourceDate "2023.10.10"]
[SourceVersion "1"]
[SourceVersionDate "2023.10.10"]
[SourceQuality "1"]

1. e4 c5 2. Ne2 e6 3. g3 Nc6 4. Bg2 g6 5. 0-0 Bg7 6. c3 Nge7 7. d4 cxd4 8. cxd4 d5 9. e5 0-0 10. Nbc3 Nf5 11. h4 Qb6 12. Na4 Qb5 13. Bg5 Bd7 14. g4 Nfxd4 15. Nxd4 Nxd4 16. Nc3 Qc4 17. f4 Nb5 18. Ne2 Rac8 19. a4 Nc7 20. Be7 Rfe8 21. Bd6 Na6 22. b3 Qc2 23. Nd4 Qxd1 24. Rfxd1 Nc5 25. h5 Bf8 26. Bxf8 Kxf8 27. hxg6 hxg6 28. Kf2 Kg7 29. Ke3 Na6 30. Rac1 Nb4 31. Bf3 Rh8 32. Rxc8 Rxc8 33. Kd2 Rh8 34. Rh1 Rxh1 35. Bxh1 a5 36. Kc3 f6 37. exf6+ Kxf6 38. g5+ Ke7 39. Bg2 Kd6 40. Nf3 Nc6 41. Nh4 Be8 42. Bf1 e5 43. f5 d4+ 44. Kc4 Bf7+ 45. Kb5 Bxb3 46. Nxg6 e4 47. Nh4 d3 48. g6 d2 49. Be2 Ne7 50. f6 Nd5 51. f7 Ke7 52. Nf5+ Kf8 53. Bh5 d1Q 54. g7# 1-0

[Event "Titled Tuesday intern op 28th Feb Early"]
[Site "Chess.com INT"]
[Date "2023.02.28"]
[Round "2"]
[White "Deac, Bogdan Daniel"]
[Black "Kowalczyk, Pawel"]
[Result "1-0"]
[WhiteElo "2700"]
[BlackElo "2332"]
[PlyCount "99"]
[EventDate "2023.02.28"]
[EventType "swiss (blitz)"]
[EventRounds "11"]
[EventCountry "USA"]
[SourceTitle "CBM 213 Extra"]
[Source "ChessBase"]
[SourceDate "2023.05.31"]
[SourceVersion "1"]
[SourceVersionDate "2023.05.31"]
[SourceQuality "1"]

1. b3 e5 2. Bb2 Nc6 3. Nf3 d6 4. c4 Nf6 5. g3 g6 6. Bg2 Bg7 7. 0-0 0-0 8. d3 a5 9. Nc3 h6 10. a3 Be6 11. e3 d5 12. cxd5 Nxd5 13. Ne4 Qe7 14. Rc1 Rad8 15. Rxc6 bxc6 16. Nxe5 Bxe5 17. Bxe5 f6 18. Bb2 f5 19. Nd2 Rb8 20. Qc2 c5 21. Nc4 a4 22. bxa4 Kh7 23. Rc1 Nb6 24. Ne5 Qd6 25. a5 Na4 26. Ba1 Bb3 27. Qe2 Rfe8 28. f4 Bd5 29. e4 Be6 30. exf5 Bxf5 31. g4 Bd7 32. Be4 Re6 33. Qf2 Rf8 34. Qg3 Bb5 35. h4 Ref6 36. h5 Rxf4 37. hxg6+ Kg8 38. g7 R8f6 39. g5 hxg5 40. Qxg5 Bd7 41. Qh5 Kxg7 42. Qh7+ Kf8 43. Qh8+ Ke7 44. Qg7+ Kd8 45. Nxd7 Qxd7 46. Bxf6+ Kc8 47. Qxd7+ Kxd7 48. Be5 Rg4+ 49. Kf2 Rh4 50. Bf5+ 1-0

[Event "Titled Tuesday intern op 28th Feb Early"]
[Site "Chess.com INT"]
[Date "2023.02.28"]
[Round "9"]
[White "Kowalczyk, Pawel"]
[Black "Timofeev, Artyom"]
[Result "1-0"]
[WhiteElo "2332"]
[BlackElo "2567"]
[PlyCount "123"]
[EventDate "2023.02.28"]
[EventType "swiss (blitz)"]
[EventRounds "11"]
[EventCountry "USA"]
[SourceTitle "CBM 213 Extra"]
[Source "ChessBase"]
[SourceDate "2023.05.31"]
[SourceVersion "1"]
[SourceVersionDate "2023.05.31"]
[SourceQuality "1"]

1. e4 c5 2. Ne2 d6 3. g3 g6 4. Bg2 Bg7 5. 0-0 Nf6 6. c3 0-0 7. d4 Nbd7 8. h3 Rb8 9. f4 d5 10. exd5 cxd4 11. c4 Nb6 12. b3 e6 13. dxe6 Bxe6 14. Bb2 Qc8 15. Kh2 Rd8 16. Nxd4 Bxc4 17. Rf2 Bd5 18. Qh1 Bxg2 19. Qxg2 Nbd5 20. Re2 Nh5 21. Qf2 Qd7 22. Nf3 Bxb2 23. Rxb2 Nb4 24. Rd2 Qc7 25. Na3 Rxd2 26. Qxd2 a5 27. Rd1 Re8 28. Nc4 Nc6 29. Nfe5 Nf6 30. Nd6 Re7 31. Nexf7 Rxf7 32. Nxf7 Qxf7 33. Qd3 Kg7 34. g4 Qe6 35. Kg3 h5 36. g5 Ne4+ 37. Kg2 Qf5 38. Qd7+ Kf8 39. Qxf5+ gxf5 40. Rd7 Nb4 41. Rxb7 Nxa2 42. Ra7 Nc1 43. Rxa5 Nxb3 44. Rxf5+ Kg7 45. Rb5 Nbd2 46. h4 Nc3 47. Rb6 Nc4 48. Rc6 Ne3+ 49. Kf3 Ncd5 50. Ke4 Kf7 51. f5 Ke7 52. Rh6 Ng4 53. Kxd5 Nxh6 54. gxh6 Kf6 55. Kd6 Kf7 56. Kd7 Kg8 57. Ke8 Kh7 58. Kf7 Kxh6 59. f6 Kh7 60. Ke7 Kg6 61. f7 Kh7 62. f8Q 1-0

[Event "Titled Tuesday intern op 28th Feb Early"]
[Site "Chess.com INT"]
[Date "2023.02.28"]
[Round "10"]
[White "Sarana, Alexey"]
[Black "Kowalczyk, Pawel"]
[Result "0-1"]
[WhiteElo "2668"]
[BlackElo "2332"]
[PlyCount "124"]
[EventDate "2023.02.28"]
[EventType "swiss (blitz)"]
[EventRounds "11"]
[EventCountry "USA"]
[SourceTitle "CBM 213 Extra"]
[Source "ChessBase"]
[SourceDate "2023.05.31"]
[SourceVersion "1"]
[SourceVersionDate "2023.05.31"]
[SourceQuality "1"]

1. c4 e5 2. Nf3 Nc6 3. Nc3 Nf6 4. g3 Bb4 5. Nd5 Bc5 6. Bg2 d6 7. 0-0 0-0 8. e3 Bg4 9. h3 Bh5 10. g4 Bg6 11. d3 Nxd5 12. cxd5 Nb4 13. e4 c6 14. a3 Na6 15. b4 Bb6 16. dxc6 bxc6 17. Qa4 Qc8 18. Bd2 Qb7 19. Nh4 Rfd8 20. Kh1 Rac8 21. f4 exf4 22. Bxf4 Nc7 23. Nf5 Bxf5 24. gxf5 Bd4 25. Ra2 Nb5 26. Qb3 Be5 27. Be3 Nd4 28. Qc4 c5 29. bxc5 dxc5 30. Rg1 Qe7 31. Bf1 Bf6 32. Rg4 Nxf5 33. Bf2 Nd4 34. Be3 Qe6 35. Qxe6 fxe6 36. Bf4 g6 37. h4 Kf7 38. Rh2 h5 39. Rgg2 c4 40. dxc4 Nf3 41. Rh3 Nxh4 42. Rf2 Kg7 43. Be3 Rd1 44. Kg1 Be7 45. Bxa7 g5 46. Be3 g4 47. Rg3 Bd6 48. Bf4 Bc5 49. Be3 Bxe3 50. Rxe3 Rxc4 51. Kh2 Rcc1 52. Be2 Rh1+ 53. Kg3 Rcg1+ 54. Kf4 Ng2+ 55. Rxg2 Rxg2 56. Bc4 Kf6 57. e5+ Ke7 58. Rb3 Rf2+ 59. Kg5 Rf5+ 60. Kg6 Rxe5 61. Rb7+ Kd6 62. Rb3 h4 0-1

[Event "Titled Tuesday intern op 27th Dec Early"]
[Site "Chess.com INT"]
[Date "2022.12.27"]
[Round "2"]
[White "Kowalczyk, Pawel"]
[Black "Khubukshanov, Erdem"]
[Result "1-0"]
[WhiteElo "2332"]
[BlackElo "2379"]
[PlyCount "71"]
[EventDate "2022.12.27"]
[EventType "swiss (blitz)"]
[EventRounds "11"]
[EventCountry "USA"]
[SourceTitle "EXT 2024"]
[Source "ChessBase"]
[SourceDate "2023.10.10"]
[SourceVersion "1"]
[SourceVersionDate "2023.10.10"]
[SourceQuality "1"]

1. d4 Nf6 2. Bf4 c5 3. e3 Qb6 4. Nc3 g6 5. Nf3 Bg7 6. Be2 0-0 7. 0-0 d6 8. Na4 Qc6 9. c4 cxd4 10. exd4 Bf5 11. d5 Qd7 12. Nd4 Na6 13. h3 Ne4 14. g4 e5 15. dxe6 Bxe6 16. Nb5 d5 17. Bf3 dxc4 18. Qxd7 Bxd7 19. Bxe4 Bxb5 20. Nc3 Bc6 21. Bxc6 bxc6 22. Na4 Rfe8 23. Rac1 Re4 24. Be3 Nb4 25. Rfd1 Nxa2 26. Ra1 Nb4 27. Rd7 Nd5 28. Bxa7 c3 29. bxc3 Nxc3 30. Nxc3 Bxc3 31. Rc1 Be5 32. Rxc6 Re8 33. Kg2 Ra4 34. Be3 Kg7 35. Rb6 Rf8 36. Rbb7 1-0

[Event "Titled Tuesday intern op 15th Nov Early"]
[Site "Chess.com INT"]
[Date "2022.11.15"]
[Round "1"]
[White "Kowalczyk, Pawel"]
[Black "Vasques, Antonio Pedro Freix"]
[Result "1-0"]
[WhiteElo "2332"]
[BlackElo "2213"]
[PlyCount "57"]
[EventDate "2022.11.15"]
[EventType "swiss (blitz)"]
[EventRounds "11"]
[EventCountry "USA"]
[SourceTitle "CBM 211 Extra"]
[Source "ChessBase"]
[SourceDate "2023.01.31"]
[SourceVersion "1"]
[SourceVersionDate "2023.01.31"]
[SourceQuality "1"]

1. e4 c5 2. Nf3 Nc6 3. d4 cxd4 4. Nxd4 e5 5. Nb5 d6 6. c4 Be7 7. N1c3 a6 8. Na3 f5 9. Bd3 f4 10. g3 fxg3 11. hxg3 Nf6 12. Nc2 0-0 13. Nd5 Be6 14. Bd2 Rc8 15. Qe2 b5 16. cxb5 axb5 17. Nxf6+ Bxf6 18. Bxb5 d5 19. a4 dxe4 20. Bc4 Qe8 21. Qxe4 g6 22. a5 Nd4 23. Bxe6+ Nxe6 24. Bc3 Qb5 25. Qe2 Qb3 26. 0-0 Nd4 27. Nxd4 exd4 28. Ra3 Qd5 29. Bd2 1-0

[Event "Titled Tuesday intern op 01st Nov Early"]
[Site "Chess.com INT"]
[Date "2022.11.01"]
[Round "6"]
[White "Kowalczyk, Pawel"]
[Black "Salem, AR Saleh"]
[Result "1-0"]
[WhiteElo "2332"]
[BlackElo "2677"]
[PlyCount "95"]
[EventDate "2022.11.01"]
[EventType "swiss (blitz)"]
[EventRounds "11"]
[EventCountry "USA"]
[SourceTitle "EXT 2024"]
[Source "ChessBase"]
[SourceDate "2023.10.10"]
[SourceVersion "1"]
[SourceVersionDate "2023.10.10"]
[SourceQuality "1"]

1. e4 c5 2. Ne2 d6 3. g3 Nf6 4. Bg2 g6 5. c3 Bg7 6. d4 0-0 7. dxc5 dxc5 8. Qxd8 Rxd8 9. Be3 Ng4 10. Bxc5 Ne5 11. 0-0 Nbc6 12. Nd4 b6 13. Nxc6 Nxc6 14. Be3 Ba6 15. Re1 Ne5 16. Nd2 Nd3 17. Reb1 Nxb2 18. Rxb2 Bxc3 19. Rab1 Rac8 20. h4 Bd3 21. Nb3 Be5 22. f4 Bg7 23. e5 Bxb1 24. Rxb1 Rc3 25. Re1 e6 26. Kf2 Bf8 27. Re2 Ba3 28. Nd4 Bc5 29. Nc2 Rdd3 30. Bxc5 bxc5 31. Ne3 h5 32. Be4 Rd4 33. Bc2 c4 34. a4 Ra3 35. Nf1 c3 36. Ke3 Rb4 37. Kd3 Rb8 38. Re4 Ra2 39. Ne3 Rd8+ 40. Rd4 Rxd4+ 41. Kxd4 Ra1 42. Nd1 Ra3 43. Nxc3 a5 44. Kc4 Kf8 45. Bb3 Ke7 46. Na2 f6 47. Kc3 fxe5 48. fxe5 1-0

[Event "POL-chT 1st League"]
[Site "Sypniewo"]
[Date "2022.09.07"]
[Round "5.4"]
[White "Kowalczyk, Pawel"]
[Black "Fic, Wieslaw"]
[Result "1-0"]
[WhiteElo "2327"]
[BlackElo "1828"]
[PlyCount "109"]
[EventDate "2022.09.03"]
[EventType "team-swiss"]
[EventRounds "9"]
[EventCountry "POL"]
[SourceTitle "CBM 210 Extra"]
[Source "ChessBase"]
[SourceDate "2022.11.30"]
[SourceVersion "1"]
[SourceVersionDate "2022.11.30"]
[SourceQuality "1"]
[WhiteTeam "Wroclaw Kopernik"]
[BlackTeam "Stara Wies Parnas"]
[WhiteTeamCountry "POL"]
[BlackTeamCountry "POL"]

1. e4 c5 2. Ne2 a6 3. g3 Nc6 4. Bg2 g6 5. c3 e5 6. d4 d6 7. 0-0 Bg7 8. dxc5 dxc5 9. Qxd8+ Nxd8 10. Be3 b6 11. a4 a5 12. Na3 Ba6 13. Rfe1 Nf6 14. f3 Nc6 15. Rad1 Ke7 16. Nc1 Rhd8 17. Rxd8 Rxd8 18. Bf1 Bxf1 19. Kxf1 Kd7 20. Nb5 Bf8 21. Nb3 Kc8 22. Nd2 Ne8 23. Nc4 Kb7 24. Ke2 Nc7 25. Bg5 Rd7 26. Rd1 Rxd1 27. Kxd1 Ne8 28. Bd2 Na7 29. Nxa7 Kxa7 30. Nxe5 Nd6 31. Bf4 Kb7 32. Nd7 Be7 33. Bxd6 Bxd6 34. Nf6 h5 35. f4 Kc6 36. c4 h4 37. e5 hxg3 38. hxg3 Be7 39. Nd5 Bd8 40. Ke2 Kd7 41. Kf3 Kc6 42. Ke4 Kd7 43. g4 Kc6 44. f5 Bh4 45. f6 Bg3 46. Ne7+ Kd7 47. Nd5 Ke6 48. Nf4+ Kd7 49. e6+ fxe6 50. Nxg6 Ke8 51. g5 Kf7 52. Ne5+ Kg8 53. g6 Bh4 54. Ng4 Bg3 55. Nh6+ 1-0

[Event "Titled Tuesday intern op 28th Jun Early"]
[Site "Chess.com INT"]
[Date "2022.06.28"]
[Round "1"]
[White "Kowalczyk, Pawel"]
[Black "Ocelak, Jakub"]
[Result "1-0"]
[WhiteElo "2345"]
[BlackElo "2107"]
[PlyCount "121"]
[EventDate "2022.06.28"]
[EventType "swiss (blitz)"]
[EventRounds "11"]
[EventCountry "USA"]
[SourceTitle "CBM 209 Extra"]
[Source "ChessBase"]
[SourceDate "2022.09.30"]
[SourceVersion "1"]
[SourceVersionDate "2022.09.30"]
[SourceQuality "1"]

1. e4 c5 2. g3 Nc6 3. Bg2 g6 4. c3 Bg7 5. Ne2 e5 6. 0-0 h5 7. h3 d6 8. a4 Nge7 9. Na3 Be6 10. Nc2 Qd7 11. Kh2 Bb3 12. Ra3 c4 13. d3 0-0 14. d4 exd4 15. cxd4 d5 16. e5 Nf5 17. Be3 f6 18. Nf4 Nce7 19. e6 Qd6 20. Qd2 Bxc2 21. Qxc2 Nxe3 22. fxe3 h4 23. Qf2 Nf5 24. g4 Ne7 25. Kh1 g5 26. Nh5 Qxe6 27. e4 dxe4 28. Re3 Ng6 29. Bxe4 Qf7 30. Qf3 Rad8 31. Bxb7 Rxd4 32. Be4 Re8 33. Bd5 Rxd5 34. Rxe8+ Qxe8 35. Qxd5+ Kh7 36. Qb7 Ne7 37. Re1 Qd8 38. Qxe7 Qd5+ 39. Qe4+ Qxe4+ 40. Rxe4 Kg6 41. Nxg7 Kxg7 42. Rxc4 f5 43. gxf5 Kf6 44. Rc7 Kxf5 45. Rxa7 g4 46. Ra5+ Kf4 47. hxg4 Kxg4 48. Rb5 h3 49. b3 h2 50. a5 Kg3 51. Rb4 Kh3 52. Rb5 Kg3 53. Rb6 Kh3 54. Rb7 Kg3 55. Rb8 Kh3 56. a6 Kg3 57. Rb7 Kh3 58. a7 Kg3 59. a8Q Kh3 60. Qg8 Kh4 61. Rh7# 1-0